00674nai a2200181Ia 4500003000900000008004100009022002200050022002300072040001600095245005300111260008600164310001400250362002700264521006900291650002000360650002400380856008800404IN-BaIIA211028c9999 xx s 000 0 eng d a0018-9499 (Print) a1558-1578 (Online) cIIA Library 0aIEEE Transactions on Nuclear Scienceh[eJournal] aNew York, USAbThe Institute of Electrical and Electronics Engineers, Inc. (IEEE) aBimonthly a10(1); 1963 - Present  bSubscribed through National Knowledge Resource Consortium (NKRC) a Bioengineering aNuclear Engineering uhttps://ieeexplore.ieee.org/servlet/opac?punumber=23yClick Here to Access eJournal